<?xml version="1.0" encoding="UTF-8"?>
<collection xmlns:xsi="http://www.w3.org/2001/XMLSchema-instance" xsi:schemaLocation="http://www.loc.gov/MARC21/slim http://www.loc.gov/standards/marcxml/schema/MARC21slim.xsd" xmlns="http://www.loc.gov/MARC21/slim">
 <record>
  <leader>00000nam a22000004a 4500</leader>
  <controlfield tag="001">UP-8028149493838912740</controlfield>
  <controlfield tag="003">Buklod</controlfield>
  <controlfield tag="005">20260327140106.0</controlfield>
  <controlfield tag="006">a     r    |||| u|</controlfield>
  <controlfield tag="007">ta</controlfield>
  <controlfield tag="008">260317s2026    xxu     r    |||| u|eng d</controlfield>
  <datafield tag="020" ind1=" " ind2=" ">
   <subfield code="a">9780443121760</subfield>
  </datafield>
  <datafield tag="037" ind1=" " ind2=" ">
   <subfield code="a">₱12,758.90</subfield>
   <subfield code="b">Linar International Book Resources</subfield>
  </datafield>
  <datafield tag="040" ind1="0" ind2=" ">
   <subfield code="a">DCHE</subfield>
   <subfield code="e">rda</subfield>
  </datafield>
  <datafield tag="041" ind1="0" ind2=" ">
   <subfield code="a">eng</subfield>
  </datafield>
  <datafield tag="090" ind1="0" ind2="0">
   <subfield code="a">RT 90.3</subfield>
   <subfield code="b">K83 2026</subfield>
  </datafield>
  <datafield tag="100" ind1="1" ind2=" ">
   <subfield code="a">Kudzma, Elizabeth Conelly</subfield>
   <subfield code="e">author.</subfield>
  </datafield>
  <datafield tag="245" ind1="1" ind2="0">
   <subfield code="a">Edelman's health promotion throughout the life span</subfield>
   <subfield code="c">by Elizabeth Connelly Kudzma ; Susan A. LaRocco, Susan Natale, editors.</subfield>
  </datafield>
  <datafield tag="250" ind1=" " ind2=" ">
   <subfield code="a">Eleventh edition.</subfield>
  </datafield>
  <datafield tag="264" ind1=" " ind2="1">
   <subfield code="a">St. Louis, Missouri</subfield>
   <subfield code="b">Elsevier</subfield>
   <subfield code="c">©2026.</subfield>
  </datafield>
  <datafield tag="300" ind1=" " ind2=" ">
   <subfield code="a">xxi, 694 pages</subfield>
   <subfield code="b">color illustrations</subfield>
   <subfield code="c">27 cm.</subfield>
  </datafield>
  <datafield tag="336" ind1=" " ind2=" ">
   <subfield code="a">text</subfield>
   <subfield code="2">rdacontent</subfield>
  </datafield>
  <datafield tag="337" ind1=" " ind2=" ">
   <subfield code="a">unmediated</subfield>
   <subfield code="2">rdamedia</subfield>
  </datafield>
  <datafield tag="338" ind1=" " ind2=" ">
   <subfield code="a">volume</subfield>
   <subfield code="2">rdacarrier</subfield>
  </datafield>
  <datafield tag="504" ind1=" " ind2=" ">
   <subfield code="a">Includes bibliographical references and index.</subfield>
  </datafield>
  <datafield tag="520" ind1="0" ind2=" ">
   <subfield code="a">Edelman’s Health Promotion Throughout the Life Span, 11th Edition, provides comprehensive coverage of leading health promotion concepts, from assessment to interventions to application. Its lifespan approach addresses patients’ unique needs with case studies and care plans presented within an assessment framework based on Gordon’s Functional Health Patterns. Addressing each age and stage of development, this market-leading text covers the latest research and trends in health promotion and disease prevention for diverse population groups.</subfield>
  </datafield>
  <datafield tag="650" ind1=" " ind2="0">
   <subfield code="a">Health promotion .</subfield>
  </datafield>
  <datafield tag="650" ind1=" " ind2="0">
   <subfield code="a">Health education.</subfield>
  </datafield>
  <datafield tag="700" ind1="1" ind2=" ">
   <subfield code="a">LaRocco, Susan A.</subfield>
   <subfield code="e">editor.</subfield>
  </datafield>
  <datafield tag="700" ind1="1" ind2=" ">
   <subfield code="a">Natale, Susan</subfield>
   <subfield code="e">editor.</subfield>
  </datafield>
  <datafield tag="905" ind1=" " ind2=" ">
   <subfield code="a">FO</subfield>
  </datafield>
  <datafield tag="852" ind1="0" ind2=" ">
   <subfield code="a">UPD</subfield>
   <subfield code="b">DCHE</subfield>
   <subfield code="h">RT 90.3</subfield>
   <subfield code="i">K83 2026</subfield>
  </datafield>
  <datafield tag="942" ind1=" " ind2=" ">
   <subfield code="a">Book</subfield>
  </datafield>
 </record>
</collection>
